Microelectronic circuit design / (Include CD) (Record no. 182065)

000 -LEADER
fixed length control field 01879 a2200301 4500
003 - CONTROL NUMBER IDENTIFIER
control field Nust
005 - DATE AND TIME OF LATEST TRANSACTION
control field 20221129143039.0
010 ## - LIBRARY OF CONGRESS CONTROL NUMBER
LC control number 2003054060
020 ## - INTERNATIONAL STANDARD BOOK NUMBER
International Standard Book Number 0072320990
040 ## - CATALOGING SOURCE
Transcribing agency Nust
082 00 - DEWEY DECIMAL CLASSIFICATION NUMBER
Classification number 621.3815,JAE
100 1# - MAIN ENTRY--PERSONAL NAME
Personal name Jaeger, Richard C.
9 (RLIN) 55586
245 10 - TITLE STATEMENT
Title Microelectronic circuit design / (Include CD)
Statement of responsibility, etc. Richard C. Jaeger, Travis N. Blalock.
250 ## - EDITION STATEMENT
Edition statement 2nd ed.
260 ## - PUBLICATION, DISTRIBUTION, ETC.
Place of publication, distribution, etc. Dubuque, Iowa :
Name of publisher, distributor, etc. McGraw-Hill,
Date of publication, distribution, etc. 2003.
300 ## - PHYSICAL DESCRIPTION
Extent xxv, 1506 p. :
Other physical details ill. (some col.) ;
Dimensions 27 cm.+
Accompanying material 1CD-ROM (4 3/4 in.)
490 1# - SERIES STATEMENT
Series statement McGraw-Hill electronics and VLSI circuits series
505 ## - FORMATTED CONTENTS NOTE
Formatted contents note Introduction To Electronics (Page-1), Solid-State Electronics (Page-45), Solid-State Diodes And Diode Circuits (Page-80), Field Effect Transistors (Page-176), Bipolar Junction Transistors (Page-274), Introduction To Digital Electronics (Page-359), Complementary MOS Logic Design (Page-462), MOS Memory And Storage Circuits (Page-515), Bipolar Logic Circuits (Page-563), Analog Systems (Page-649), Operational Amplifiers (Page-705), Operational Amplifier Applications (Page-800), Small-Signal Modeling And Linear Amplification (Page-871), Single Transistor Amplifiers (Page-968), Multistate Amplifiers (Page-1065), Analog Integrated Circuits (Page-1178), Frequency Response (Page-1074), Feedback, Stability And Oscillators (Page-1382).
650 #0 - SUBJECT ADDED ENTRY--TOPICAL TERM
Topical term or geographic name entry element Electronic circuit design.
650 #0 - SUBJECT ADDED ENTRY--TOPICAL TERM
Topical term or geographic name entry element Integrated circuits
General subdivision Design and construction.
9 (RLIN) 35781
650 #0 - SUBJECT ADDED ENTRY--TOPICAL TERM
Topical term or geographic name entry element Telecommunication engineering
651 ## - SUBJECT ADDED ENTRY--GEOGRAPHIC NAME
Geographic name (Include CD)
9 (RLIN) 8953
700 1# - ADDED ENTRY--PERSONAL NAME
Personal name Blalock, Travis N.
9 (RLIN) 103783
830 #0 - SERIES ADDED ENTRY--UNIFORM TITLE
Uniform title McGraw-Hill series in electrical and computer engineering.
9 (RLIN) 34577
856 42 - ELECTRONIC LOCATION AND ACCESS
Materials specified Publisher description
Uniform Resource Identifier <a href="http://www.loc.gov/catdir/enhancements/fy0702/2003054060-d.html">http://www.loc.gov/catdir/enhancements/fy0702/2003054060-d.html</a>
856 42 - ELECTRONIC LOCATION AND ACCESS
Materials specified Table of contents only
Uniform Resource Identifier <a href="http://www.loc.gov/catdir/enhancements/fy0702/2003054060-t.html">http://www.loc.gov/catdir/enhancements/fy0702/2003054060-t.html</a>
942 ## - ADDED ENTRY ELEMENTS (KOHA)
Source of classification or shelving scheme
Koha item type Book
Holdings
Withdrawn status Lost status Source of classification or shelving scheme Damaged status Not for loan Permanent Location Current Location Shelving location Date acquired Full call number Barcode Date last seen Price effective from Koha item type Public note
          Military College of Signals (MCS) Military College of Signals (MCS) General Stacks 12/12/2016 621.3815,JAE MCS30831 12/08/2016 12/12/2016 Book Almirah No.33, Shelf No.1
© 2023 Central Library, National University of Sciences and Technology. All Rights Reserved.